00850nam a2200193 4500001000700000003000900007005001700016007000300033008004100036110005600077245020700133260004600340300003000386500008700416700004100503700003100544710005000575852003100625122601ES-MaACL20240206203242.0t|070214s1975 sp r ||||1| spa d2 aInstituto de España. bCátedra Ramón y Cajal.10aProblemas actuales de genética humana b: simposio celebrado en la Real Academia Nacional de Medicina los días 27 y 28 de noviembre de 1975 /ceditores: J. Botella Llusiá y L. Izquierdo Góngora. aMadrid : bInstituto de España, c1976. a261 p. : bil. ; c20 cm. aII Simposio organizado por la Cátedra Ramón y Cajal del Instituto de España.1 aBotella Llusiá, José,d1912-20021 aIzquierdo Góngora, Luis.2 aReal Academia Nacional de Medicina (España) aES-MaACLjL-229 bR.100989